Statistics for Biggest Cities in Southeast Asia

Click here to take the quiz!

General Stats

  • This quiz has been taken 75 times
    (41 since last reset)
  • The average score is 17 of 24

Answer Stats

PopulationCity% Correct
31.3 milJakarta
100%
25.7 milManila
100%
18.8 milBangkok
97%
3.80 milHanoi
93%
5.60 milYangon
90%
8.60 milHo Chi Minh City
90%
8.90 milKuala Lumpur
90%
7.90 milSingapore
87%
6.95 milBandung
87%
2.07 milPhnom Penh
87%
6.10 milSurabaya
80%
4.00 milMedan
77%
2.72 milCebu
73%
1.57 milDavao
67%
1.56 milMandalay
67%
2.12 milGeorge Town
63%
1.55 milDenpasar
57%
2.25 milSemarang
50%
1.72 milPalembang
47%
1.89 milMakassar
47%
1.94 milYogyakarta
47%
1.49 milAngeles
33%
1.75 milMalang
27%
1.63 milSurakarta
17%

Score Distribution

Percentile by Number Answered

Percent of People with Each Score

Your Score History

You have not taken this quiz since the last reset